000 00899nam a22002897a 4500
003 CHAP
005 20220817042054.0
008 971013s r 00010 d
010 _a33704
011 _a34676
035 _a38792
040 _cCHAP
090 _aR-2046
100 0 0 _aCurylo, Jan.
_930738
245 _aComparison of two methods for the determination of hydrocarbons in beeswax
500 _aSobretiro de: Pszczelnicze Zeszyty Naukowe 13(1-3) : 137-141, 1969
590 _aBATCH-UPD
_b10
_c20130110
_lUCH01
_h0006
590 _aBATCH-UPD
_b10
_c20130110
_lUCH01
_h1615
590 _aCONVERSION
_b10
_c20130109
_lUCH01
_h1319
650 1 4 _aCera de abejas.
650 1 4 _aHidrocarburos.
_955232
700 0 _aIgnaszewska, Teresa.
_957357
901 _aBK
942 _cFOLL
949 _aR-2046
_bBC
_cR
_d-88640
_eTS1
_i38792
_si
949 _aR-2046
_bBC
_cR
_d-88641
_eTS2
_fc.2
_i38792
_si
999 _c33704
_d33704